Tiempos Del Cólera P290-300 - Statistics

General Stats
  • This quiz has been taken 4 times
  • The average score is 29 of 64
Answer Stats
Term Answer % Correct
Seno Breast
100%
Cuñado Brother In Law
100%
Cautiverio Captivity
100%
Abanico Fan
100%
Casado Married
100%
Embarrado Muddy
100%
Pradera Prairie
100%
Prensar Press
100%
Redención Redemption
100%
Rosario Rosary
100%
Desempacar Unpack
100%
Antagónico Antagonistic
50%
Potestad Authority
50%
Cálculo Calculation
50%
Ternero Calf
50%
Funda Case
50%
Desocupar Clear Out
50%
Clausura Cloister
50%
Galletita Cookie
50%
Ranchero Country
50%
Culminante Culminating
50%
Cubiertos Cutlery
50%
Deterioro Deterioration
50%
Apiadar Earn The Pity Of
50%
Envalentonar Embolden
50%
Sebo Fat
50%
Fofo Flabby
50%
Albedrío Free Will
50%
Remilgo Fussiness
50%
Arpa Harp
50%
Mantilla Headscarf
50%
Parentesco Kinship
50%
Aposento Lodging
50%
Comadrona Midwife
50%
Montonera Militia
50%
Argamasa Mortar
50%
Pertinaz Obstinate
50%
Amapola Poppy
50%
Escarnio Ridicule
50%
Seminario Seminar
50%
Amortajar Shroud
50%
Mamar Suckle
50%
Mancillar Sully
50%
Sobrante Surplus
50%
Apiadarse Take Pity On
50%
Engañifa Trick
50%
Regar Water
50%
Desidia Apathy
0%
Berenjena Aubergine
0%
Yuca Cassava
0%
Cazuela Casserole Dish
0%
Almojábana Cheese Corn Roll
0%
Contertulio Companion
0%
Vahído Dizzy Spell
0%
Voluble Fickle
0%
Galera Galley
0%
Sepulturero Gravedigger
0%
Confitura Jam
0%
Fuero Jurisdiction
0%
Pleito Lawsuit
0%
Purgante Purgative
0%
Caserón Ramshackle House
0%
Reparador Restorative
0%
Tranco Stride
0%
No matching quizzes found
Score Distribution
Percent of People with Each Score
Percentile by Number Answered
Your Score History
You have not taken this quiz